Estadísticas para Países en más de un continente

Haz click aquí para intentar la prueba.

Estadísticas generales

  • Esta prueba ha sido intentada 99 veces
  • La puntuación promedio es 14 de 20

Estadísticas de respuestas

ContinentesPaís% Correcto
Europa/AsiaRusia
99%
Asia/EuropaTurquía
96%
Europa/ÁfricaEspaña
88%
América/OceaníaEstados Unidos
87%
Europa/AméricaFrancia
83%
África/AsiaEgipto
77%
Asia/EuropaArmenia
76%
Asia/EuropaGeorgia
75%
Asia/OceaníaIndonesia
73%
Europa/ÁfricaItalia
70%
América/OceaníaChile
69%
Europa/ÁfricaPortugal
69%
Oceanía/AsiaAustralia
67%
Europa/AméricaReino de los Países Bajos
64%
Asia/EuropaAzerbaiyán
63%
Europa/AméricaReino de Dinamarca
63%
Asia/OceaníaJapón
55%
Europa/AsiaGrecia
48%
Asia/EuropaKazajistán
43%
Asia/ÁfricaYemen
40%

Distribución de puntuación

Porcentaje por número respondido

Porcentaje de gente con cada puntuación

Historial de tus puntuaciones

No has intentado esta prueba.